Lowest Five U.S. States by Category - Statistics

General Stats
  • This quiz has been taken 95 times
  • The average score is 14 of 21
Answer Stats
Answer % Correct
Rhode Island
96%
Vermont
88%
Delaware
87%
Wyoming
82%
Connecticut
79%
New Hampshire
79%
Alaska
78%
North Dakota
76%
South Dakota
72%
Mississippi
71%
Alabama
70%
Maryland
68%
New Jersey
65%
Arizona
61%
Colorado
59%
New Mexico
59%
West Virginia
59%
Arkansas
56%
Kansas
56%
Nebraska
48%
South Carolina
43%
No matching quizzes found
Score Distribution
Percent of People with Each Score
Percentile by Number Answered
Your Score History
You have not taken this quiz